[Event "IND-ch U13 29th"]
[Site "Gurgaon"]
[Date "2015.08.30"]
[Round "1"]
[White "Iniyan, Panneerseluam"]
[Black "Bragadeeshwaran, Chidambaram C"]
[Result "1-0"]
[WhiteElo "2214"]
[BlackElo "1286"]
[PlyCount "55"]
[EventDate "2015.08.30"]
[EventType "swiss"]
[EventRounds "11"]
[EventCountry "IND"]
[SourceTitle "EXT 2016"]
[Source "ChessBase"]
[SourceDate "2015.10.08"]
[SourceVersion "1"]
[SourceVersionDate "2015.10.08"]
[SourceQuality "1"]

1. d4 Nf6 2. c4 g6 3. Nc3 d5 4. cxd5 Nxd5 5. e4 Nxc3 6. bxc3 Bg7 7. Nf3 c5 8. Rb1 0-0 9. Be2 b6 10. Be3 Bb7 11. Qc2 cxd4 12. cxd4 Nd7 13. 0-0 Rc8 14. Qd3 e5 15. d5 Nc5 16. Bxc5 Rxc5 17. Qa3 Qb8 18. Rb3 Rfc8 19. Bb5 Bf8 20. Qb2 Bd6 21. Qd2 Qc7 22. Qh6 f6 23. Qh3 Qe7 24. Bd7 Rd8 25. Be6+ Kg7 26. Nh4 Rh8 27. Rg3 Qd8 28. Nf5+ 1-0

[Event "IND-ch U11"]
[Site "Odisha"]
[Date "2014.07.26"]
[Round "4"]
[White "Akilesh, Viswaa"]
[Black "Bragadeeshwaran, Chidambaram C"]
[Result "1-0"]
[WhiteElo "1488"]
[BlackElo "1295"]
[PlyCount "35"]
[EventDate "2014.07.24"]
[EventType "swiss"]
[EventRounds "11"]
[EventCountry "IND"]
[SourceTitle "CBM 161 Extra"]
[Source "ChessBase"]
[SourceDate "2014.08.29"]
[SourceVersion "1"]
[SourceVersionDate "2014.08.29"]
[SourceQuality "1"]

1. e4 c5 2. Nf3 d6 3. d4 cxd4 4. Nxd4 Nf6 5. Nc3 g6 6. Bg5 Bg7 7. Bb5+ Bd7 8. Qe2 a6 9. Bc4 0-0 10. 0-0-0 b5 11. Bb3 Nc6 12. Nxc6 Bxc6 13. e5 Re8 14. exf6 exf6 15. Be3 b4 16. Nd5 Bxd5 17. Rxd5 f5 18. Qd2 1-0

[Event "IND-ch U11"]
[Site "Odisha"]
[Date "2014.07.24"]
[Round "1"]
[White "Bragadeeshwaran, Chidambaram C"]
[Black "Shelke, Sankarsha"]
[Result "0-1"]
[WhiteElo "1295"]
[BlackElo "1857"]
[PlyCount "106"]
[EventDate "2014.07.24"]
[EventType "swiss"]
[EventRounds "11"]
[EventCountry "IND"]
[SourceTitle "CBM 161 Extra"]
[Source "ChessBase"]
[SourceDate "2014.08.29"]
[SourceVersion "1"]
[SourceVersionDate "2014.08.29"]
[SourceQuality "1"]

1. d4 d5 2. c4 c6 3. Nc3 Nf6 4. Bf4 dxc4 5. e3 b5 6. Nf3 e6 7. a3 Bb7 8. Be2 Be7 9. 0-0 0-0 10. Qc2 Nbd7 11. Rad1 a6 12. Ne5 Qb6 13. Nxd7 Nxd7 14. Bf3 Nf6 15. Ne4 Nxe4 16. Bxe4 f5 17. Bf3 c5 18. Bxb7 Qxb7 19. b3 cxb3 20. Qxb3 c4 21. Qc3 Qd5 22. h3 a5 23. Rc1 Rfc8 24. Rb1 b4 25. axb4 axb4 26. Qc2 c3 27. Rfd1 Ra2 28. Qd3 c2 29. Re1 cxb1Q 30. Rxb1 Qc4 31. Qxc4 Rxc4 32. f3 Rac2 33. Kh2 Rc1 34. Rb2 R4c2 35. Rb3 Rc3 36. Rb2 R1c2 37. Rb1 b3 38. Be5 Ba3 39. d5 Rc1 40. Rb2 Bxb2 41. d6 Rc8 42. Bxb2 Rd1 43. Be5 Rxd6 44. f4 Rd5 45. Bb2 Rc2 46. Ba1 b2 47. Bxb2 Rxb2 48. Kg3 Rdd2 49. Kh4 Rxg2 50. e4 e5 51. fxe5 Rb6 52. e6 Rxe6 53. exf5 Rh6# 0-1